| 000 | 01085nam a2200229Ia 4500 | ||
|---|---|---|---|
| 001 | L700-57645 | ||
| 003 | IT-CnALBA | ||
| 008 | 170116s9999||||xx |||||||||||||| ||und|| | ||
| 040 |
_aIT-CnALBA _cIT-CnALBA |
||
| 041 | _aITALIANO | ||
| 100 | _aRAGAZZI FRANCO | ||
| 245 | 0 | _aCARLO CARRA'. SEGNI DELLA LIGURIA. 1917-1927. | |
| 250 | _a1a ed. | ||
| 260 |
_aMILANO _bMAZZOTTA GABRIELE, EDITORE _c1999 [1° Ed.:1999 - Ed.Ling.Originale: 1999] |
||
| 300 | _a80 p. | ||
| 500 | _aLA LIGURIA. TRA RIVELAZIONI E PACIFICAZIONI. CATALOGO OPERE. DISEGNI. INCISIONI. BIBLIOGRAFIA ESSENZIALE. RASSEGNA D'ARTE. MONTAGNE LIGURI. BORMIDA A CENGIO. SPIAGGIA A ONEGLIA. PORTOVENERE. | ||
| 501 | _aSocietà San Paolo EM - Piazza San Paolo, 14 - 12051 ALBA (CN) (non commercial uses only) ® Copyright 2017 | ||
| 520 | _aLA LIGURIA. TRA RIVELAZIONI E PACIFICAZIONI. CATALOGO OPERE. DISEGNI. INCISIONI. BIBLIOGRAFIA ESSENZIALE. RASSEGNA D'ARTE. MONTAGNE LIGURI. BORMIDA A CENGIO. SPIAGGIA A ONEGLIA. PORTOVENERE. | ||
| 650 | _aBELLE ARTI-ARTI DECORATIVE | ||
| 942 | _cBK | ||
| 957 | _71 | ||
| 999 |
_a78162 _bNO _g Copie: 1 _c317543 _d317543 |
||